| 000 | 01273nam a2200301 c 4500 | ||
|---|---|---|---|
| 999 |
_c182989 _d182989 |
||
| 003 | BLK | ||
| 005 | 20200826092629.0 | ||
| 008 | 180411b bul|||||r ||||||| ||bul|| | ||
| 010 | _aKNG00191914000 | ||
| 040 | _aBLK | ||
| 041 |
_aBUL _cBUL |
||
| 080 |
_aТурска литература _b821.512.161 _x-32 _z821.512.161-32 |
||
| 100 | 1 |
_aГюрсел, Недим _eпърви автор _957740 |
|
| 139 |
_aГюрсел, Недим _bГ 98 |
||
| 245 | 1 | 0 |
_aЕдно тъй дълго лято _bСб. разкази _cНедим Гюрсел; прев. от тур. Георги Пенчев Ризов; с послесл. от Розия Бечева Самуилова. |
| 257 | _aTUR | ||
| 260 |
_bНар. култура _c1982 _fЯмбол : Г. Димитров _aСофия |
||
| 300 |
_a256 с. _c17 см |
||
| 380 | _aX | ||
| 500 | _aОриг. загл. Uzun surmus bir yaz. - 25 125 тир. | ||
| 700 | 1 |
_aРизов, Георги Пенчев _eпрев. от тур. _9384000 |
|
| 700 | 1 |
_aСамуилова, Розия Бечева _eс послесл. от _9368971 |
|
| 852 |
_aЦб І 19925 _bЦб |
||
| 856 | 4 | _qpdf | |
| 942 |
_cKNG _n0 _s1 |
||
| 944 |
_aCR _c07.10.2016 _kРадостина_Карадакова |
||
| 944 |
_aED _c2020-08-26 _kРенета Константинова |
||
| 999 | _d182989 | ||